00547cam a22002171 4500001001300000003000400013005001700017008004100034010001700075035002000092040001800112042001200130050001500142100004200157245004300199260001100242300002200253500001500275650002200290999001700312sa 64004663 DLC20260227112027.0890316s1963 xx 000 0 hino  asa 64004663  a(OCoLC)23557666 aDLCcMiUdDLC apremarc00aJA69b.D751 aDubey, S. N.q(Sumati Narain),d1936-10aRājanīti-śāstra praveśikā. c[1963] a2, 367 p.c23 cm. aRomanized. 0aPolitical science c58673d58673